Statistiques concernant Les plus grandes villes de Turquie

Cliquez ici pour prendre le quiz!

Statistiques générales

  • Ce quiz a été pris 713 fois
  • Le résultat moyen est 6 sur 10

Statistiques - réponses

PopulationRéponse% Correct
3,894,182Ankara
99%
10,878,360Istanbul
99%
2,672,126Izmir
88%
911,497Antalya
79%
1,589,530Bursa
59%
980,973Konya
56%
1,517,787Adana
53%
1,235,815Gaziantep
45%
781,119Kayseri
36%
696,518Mersin
29%

Distribution des résultats

Percentile par nombre de réponses

% des personnes avec chaque résultat

Votre développement - résultats

Vous n’avez pas pris ce quiz